MARC ayrıntıları
| 000 -BAŞLIK |
| Sabit Uzunlukta Kontrol Alanı |
01857na a2200433 4500 |
| 999 ## - SİSTEM KONTROL NUMARALARI (KOHA) |
| Koha Biblionumber |
9041 |
| Koha Biblioitemnumber |
9041 |
| 001 - KONTROL NUMARASI |
| Denetim Alanı |
19689 |
| 003 - KONTROL NUMARASI IDENTIFIER |
| Denetim Alanı |
MIRAKIL |
| 005 - SON İŞLEM TARİHİ VE ZAMANI |
| Denetim Alanı |
20210407105335.0 |
| 008 - SABİT-BOY VERİ ELEMANLARI - GENEL BİLGİLER |
| Sabit Uzunlukta Kontrol Alanı |
161225b tu 000 0 |
| 035 ## - SİSTEM KONTROL NUMARASI |
| Sistem Kontrol Numarası |
19689 |
| 040 ## - KATALOGLAMA KAYNAK |
| Orijinal Kataloglama Ajansı |
Milas |
| Kataloglama Dili |
tur |
| Metne Dönüştürmek Ajansı |
TR-AnCHP |
| 041 ## - DİL KODU |
| Metin / Ses Parça Veya Ayrı Başlığın Dil Kodu |
tur |
| 082 ## - DEWEY ONLU SINIFLANDIRMA NUMARASI |
| Sınıflandırma Numarası |
CHP 324.2372 |
| Ürün Numarası |
K44g 2015 |
| 090 ## - SINIFLAMA NUMARASI |
| Sınıflama Numarası |
BROŞÜR 132 |
| 100 ## - ANA GİRİŞ - KİŞİSEL İSİM |
| Kişisel Ad |
Kılıçdaroğlu, Kemal |
| Bir Adıyla İlişkilendirilen Başlıklar Ve Kelimeler |
CHP Genel Başkanı |
| 240 ## - ÜNİFORM BAŞLIK |
| Üniforma Başlık |
<a href="Geleceği birlikte kuruyoruz">Geleceği birlikte kuruyoruz</a> |
| Bir İşin Tarihi |
2015 |
| 245 ## - BAŞLIK TABLOSU |
| Başlık |
Geleceği birlikte kuruyoruz |
| Başlığın Kalan |
Geleceği çevrecilerle birlikte kuruyoruz : Çevre rant hırsına kurban edilmeyecek! |
| Sorumluluk Tablosu, Vb |
[Kemal Kılıçdaroğlu] |
| 246 ## - UNVAN FORM VARYING |
| Başlık Doğru / Kısa Başlığı |
Geleceği çevrecilerle birlikte kuruyoruz |
| 246 ## - UNVAN FORM VARYING |
| Başlık Doğru / Kısa Başlığı |
Çevre rant hırsına kurban edilmeyecek! |
| 260 ## - YAYIN, DAĞITIM, VB |
| Yayın, Dağıtım, Vb Yeri |
Ankara |
| Yayıncı, Dağıtıcı, Vs Adı |
CHP |
| Yayın, Dağıtım, Vb Tarihi |
2015 |
| 300 ## - FİZİKSEL TANIM |
| Kapsam |
ktl. broşür |
| Diğer Fiziksel Ayrıntıları |
rnkl. fotg. |
| Boyutlar |
20 sm. |
| 440 ## - SERİSİ TABLOSU / KATMA GİRİŞİ - BAŞLIK |
| Başlık |
Cumhuriyet Halk Partisi yayınları |
| Bir İşin Parçası / Bölümün İsmi |
Geleceği birlikte kuruyoruz dizisi |
| 500 ## - GENEL NOT |
| Genel Not |
Yapıt adı başında: CHP: Türkiye'nin birleştirici gücü |
| 600 ## - KONU KATMA GİRİŞ - KURUMSAL ADI |
| Kişisel Ad |
Kılıçdaroğlu, Kemal |
| Başlıklar Ve Bir Adla İlişkili Diğer Kelimeler |
CHP Genel Başkanı |
| Genel Alt Bölümü |
Propaganda ve ideolojiler |
| Kronolojik Alt Bölümü |
Çevreciler |
| 600 ## - KONU KATMA GİRİŞ - KURUMSAL ADI |
| Kişisel Ad |
Kılıçdaroğlu, Kemal |
| Genel Alt Bölümü |
Seçim kampanyaları, 2015 |
| Kronolojik Alt Bölümü |
Çevreciler |
| 610 ## - KONU KATMA GİRİŞ - TOPLANTI ADI |
| Giriş Elemanı Olarak Kurumsal Ad Veya Yargı Alanı Adı |
CHP |
| Genel Alt Bölüm |
Çevre sorunları |
| Kronolojik Alt Bölüm |
Çözüm önerileri |
| 610 ## - KONU KATMA GİRİŞ - TOPLANTI ADI |
| Giriş Elemanı Olarak Kurumsal Ad Veya Yargı Alanı Adı |
CHP |
| Genel Alt Bölüm |
Seçim kampanyaları, 2015 |
| Kronolojik Alt Bölüm |
Çevreciler |
| 610 ## - KONU KATMA GİRİŞ - TOPLANTI ADI |
| Giriş Elemanı Olarak Kurumsal Ad Veya Yargı Alanı Adı |
CHP |
| Genel Alt Bölüm |
Propaganda ve ideolojiler |
| Kronolojik Alt Bölüm |
Kılıçdaroğlu dönemi |
| -- |
Genel seçimler, 2015 |
| 651 ## - KONU KATMA GİRİŞ - COĞRAFİ ADI |
| Coğrafi İsim |
Türkiye |
| Genel Alt Bölümü |
Siyaset ve yönetim |
| Kronolojik Alt Bölümü |
2015- |
| 740 ## - KATMA GİRİŞ - KONTROLSUZ İLGİLİ / ANALİTİK BAŞLIK |
| Kontrol Edilmeyen / İlgili Analitik Başlıktaki |
Geleceği çevrecilerle birlikte kuruyoruz |
| 740 ## - KATMA GİRİŞ - KONTROLSUZ İLGİLİ / ANALİTİK BAŞLIK |
| Kontrol Edilmeyen / İlgili Analitik Başlıktaki |
Çevre rant hırsına kurban edilmeyecek! |
| 740 ## - KATMA GİRİŞ - KONTROLSUZ İLGİLİ / ANALİTİK BAŞLIK |
| Kontrol Edilmeyen / İlgili Analitik Başlıktaki |
CHP: Türkiye'nin birleştirici gücü |
| 830 ## - SERİSİ EKLENDİ GİRİŞ - ÜNİFORM ADI |
| Üniforma Başlık |
Geleceği birlikte kuruyoruz dizisi |
| 830 ## - SERİSİ EKLENDİ GİRİŞ - ÜNİFORM ADI |
| Üniforma Başlık |
CHP broşürleri |
| 942 ## - EKLENDİ GİRİŞ ELEMANLARI (KOHA) |
| Koha Öğesi Türü |
Kitaplar |
| 999 ## - SİSTEM KONTROL NUMARALARI (KOHA) |
| Koha Biblioitemnumber |
9041 |